Lady Gardeners

محفوظ في:

المؤلف الرئيسي: Francesca Orestano

التنسيق: كتاب

اللغة: Undetermined

الوصول للمادة أونلاين: Login to view Source

الوسوم: إضافة وسم

لا توجد وسوم, كن أول من يضع وسما على هذه التسجيلة!

رقم الطلب:

LEADER 00411nmm a2200133Ia 4500
008 240716s9999||||xx |||||||||||||||||und||
020 |a 9781803275895 
020 |a 9781803275901 
100 |a Francesca Orestano 
245 1 0 |a Lady Gardeners  |c Francesca Orestano 
264 |b Archaeopress  |c 12-أكتوبر-23 
856 4 0 |u http://library.arce.org:8087/Archaeopress/Products/9781803275895 
942 |2 lcc  |c EBOOK 
999 |c 59005  |d 59005